LEADER 01572nam 2200409Ka 450 001 9910697682803321 005 20081003110535.0 035 $a(CKB)5470000002390131 035 $a(OCoLC)260004595 035 $a(EXLCZ)995470000002390131 100 $a20081003d2000 ua 0 101 0 $aeng 181 $ctxt$2rdacontent 182 $cc$2rdamedia 183 $acr$2rdacarrier 200 03$aAn evaluation of the .08 per se law in Illinois finds 13.7 percent fewer fatal crashes with positive BACS$b[electronic resource] 210 1$aWashington, DC :$cU.S. Department of Transportation, National Highway Traffic Safety Administration,$d[2000] 215 $a1 volume $cdigital, HTML file 225 1 $aTraffic safety facts. Traffic Tech - technology transfer series ;$vno. 232 300 $aTitle from title screen (viewed Oct. 2, 2008). 300 $a"September 2000." 517 3 $aEvaluation of the point zero eight per se law ... 606 $aBlood alcohol 606 $aDrunk driving$zIllinois 606 $aDrinking and traffic accidents$zIllinois 606 $aTraffic violations$zIllinois 615 0$aBlood alcohol. 615 0$aDrunk driving 615 0$aDrinking and traffic accidents 615 0$aTraffic violations 712 02$aUnited States.$bNational Highway Traffic Safety Administration. 801 0$bGPO 801 1$bGPO 906 $aBOOK 912 $a9910697682803321 996 $aAn evaluation of the .08 per se law in Illinois finds 13.7 percent fewer fatal crashes with positive BACS$93536557 997 $aUNINA LEADER 01655nam 2200325z- 450 001 9910694590903321 005 20080828090502.0 035 $a(CKB)5860000000024134 035 $a(BIP)023786175 035 $a(EXLCZ)995860000000024134 100 $a20220406c2007uuuu -u- - 101 0 $aeng 200 10$aGAO personnel reform $edoes it meet expectations? : joint hearing before the Subcommittee on Federal Workforce, Postal Service, and the District of Columbia of the Committee on Oversight and Government Reform, House of Representatives, and the Subcommittee on Oversight of Government Management, the Federal Workforce, and the District of Columbia of the Committee on Homeland Security and Governmental Affairs, United States Senate. One Hundred Tenth Congress, first session, May 22, 2007 215 $a1 online resource (vi, 405 p.) $cill 311 $a0-16-081395-6 517 $aGAO personnel reform 606 $aHuman capital$xGovernment policy$zUnited States 606 $aDiversity in the workplace$xGovernment policy$zUnited States 610 $aHuman capital 610 $aDiversity in the workplace 610 $aUnited States 610 $aBusiness & economics 610 $aPolitical science 615 0$aHuman capital$xGovernment policy 615 0$aDiversity in the workplace$xGovernment policy 712 02$aUnited States.$bCongress.$bSenate.$bCommittee on Homeland Security and Governmental Affairs.$bSubcommittee on Oversight of Government Management, the Federal Workforce, and the District of Columbia. 906 $aBOOK 912 $a9910694590903321 996 $aGAO personnel reform$93092198 997 $aUNINA